[Event "Katowice rapid op"]
[Site "Katowice"]
[Date "2025.05.31"]
[Round "11"]
[White "Orzechowski, Jakub"]
[Black "Lewicki, Dawid"]
[Result "1-0"]
[WhiteElo "1671"]
[BlackElo "1550"]
[PlyCount "85"]
[EventDate "2025.05.31"]
[EventType "swiss"]
[EventRounds "11"]
[EventCountry "POL"]
[SourceTitle "CB24_2025"]
[SourceDate "2025.06.11"]
[SourceVersion "1"]
[SourceVersionDate "2025.06.11"]
[SourceQuality "1"]

1. e4 g6 2. d4 Bg7 3. f4 d6 4. c4 Nf6 5. Nc3 0-0 6. Nf3 c5 7. d5 e6 8. Bd3 exd5 9. cxd5 a6 10. 0-0 b5 11. Qe1 Re8 12. Qh4 Qb6 13. Kh1 Bb7 14. a3 c4 15. Bc2 a5 16. f5 Nbd7 17. Bh6 Bxh6 18. Qxh6 Ng4 19. Qf4 Nf2+ 20. Rxf2 Qxf2 21. fxg6 hxg6 22. Rc1 Ne5 23. Nxb5 Nxf3 24. Qxf3 Qxf3 25. gxf3 Red8 26. Ba4 Rac8 27. Nd4 Ba6 28. Nc6 Rd7 29. Nxa5 Rdc7 30. Bc6 Rb8 31. Rc2 Kf8 32. Kg2 Ke7 33. Kf2 Bb5 34. Ke3 Ra7 35. Bxb5 Rxa5 36. Bxc4 Rc5 37. Kd4 Rc7 38. b3 Ra7 39. a4 Rc7 40. a5 Ra8 41. a6 Raa7 42. b4 Kd7 43. b5 1-0

[Event "Katowice rapid op"]
[Site "Katowice"]
[Date "2025.05.31"]
[Round "9"]
[White "Orzechowski, Jakub"]
[Black "Romanowski, Stanislaw"]
[Result "1-0"]
[WhiteElo "1671"]
[BlackElo "1562"]
[PlyCount "79"]
[EventDate "2025.05.31"]
[EventType "swiss"]
[EventRounds "11"]
[EventCountry "POL"]
[SourceTitle "CB24_2025"]
[SourceDate "2025.06.11"]
[SourceVersion "1"]
[SourceVersionDate "2025.06.11"]
[SourceQuality "1"]

1. e4 e6 2. d4 d5 3. exd5 exd5 4. Nf3 Bf5 5. Bd3 Bxd3 6. Qxd3 Nf6 7. Bf4 Bd6 8. Bxd6 Qxd6 9. 0-0 0-0 10. Re1 c6 11. c3 Nbd7 12. Nbd2 Rfe8 13. Qf5 h6 14. Ne5 Qc7 15. Ndf3 Nxe5 16. dxe5 Nd7 17. e6 Nf6 18. exf7+ Qxf7 19. Ne5 Qc7 20. Ng6 Ne4 21. Re3 Rad8 22. Rae1 Rd6 23. f3 Rf6 24. Qg4 Ree6 25. Nh4 Qb6 26. fxe4 Rxe4 27. Qg3 Rff4 28. Ng6 Rg4 29. Qb8+ Kh7 30. Nf8+ Kg8 31. Nd7+ Kf7 32. Nxb6 Rxe3 33. Rxe3 axb6 34. Qxb7+ Kg6 35. Qxc6+ Kh7 36. Qxd5 Rg5 37. Qe4+ Kg8 38. Rd3 g6 39. Qe7 b5 40. Rd8# 1-0